000 00624nam a2200193Ia 4500
010 _aBAC-EN21
020 _a9789332535114
_c749.00
035 _aB-668073
037 _bTechniz
_adpl
082 _a551.49
100 _aFetter C.W
245 _aApplied Hydrogeology/
_cby C.W. Fetter
250 _a4th ed
260 _c2014
_aDelhi
_bPearson India
300 _c28cm(pbk)
_a612p.
500 _aIncludes bibliographical references and index
942 _cEN
_2ddc
_h551.49
_mFET
999 _c88156
_d88156